000
00233 a2200097 4500
001
27940
100
_a
Hashimy, S Y
245
_a
Islam as an ethical & a political ideal
260
_a
_b
Islamic Book Service
_c
090
_c
18648
_d
18648
942
_a
NUST-CAE
_c
M
_c
9611
999
_c
263013
_d
263013